| 000 | 00638nam a2200193 i 4500 | ||
|---|---|---|---|
| 001 | 61220 | ||
| 003 | ES-MaACL | ||
| 005 | 20230906164413.0 | ||
| 007 | t| | ||
| 008 | 031111s1966 sp ||||1| spa d | ||
| 100 | 1 |
_aEvans, Edward C. D. _948354 |
|
| 245 | 1 | 0 |
_aPlanificación del ejercicio y control presupuestario / _cEdwars C.D. Evans ; tradución José Rovira Sánchez ; revisión Pedro Camps Vehí. |
| 260 |
_a[Barcelona] : _bSagitario, _c[1966] |
||
| 300 |
_a97 p. ; _c19 cm. |
||
| 700 | 1 |
_aCamps Vehi, Pedro. _9199629 |
|
| 700 | 1 |
_aRovira Sánchez, José. _9100155 |
|
| 852 |
_aES-MaACL _jC-29936 _bR.60259 |
||
| 999 |
_c61220 _d61220 |
||